|
|
|
|
| LEADER |
00000nab#a22000007a#4500 |
| 001 |
arbauad005645 |
| 003 |
AR-BaUAD |
| 005 |
20250711110723.0 |
| 008 |
940902|||||||||###||||||b###|0###a|spa|| |
| 040 |
|
|
|a AR-BaUAD
|c AR-BaUAD
|b spa
|
| 245 |
1 |
0 |
|a New York Collections
|b Autumn/Winter 1994/95
|
| 300 |
0 |
|
|b fot.
|
| 500 |
|
|
|a Traducción al español p. 87. -- El "chic" de la 42nd. Street recobra su gloria para el otoño/invierno '94/95.
|
| 653 |
|
|
|a ESTADOS UNIDOS
|
| 653 |
|
|
|a DISEÑADORES DE INDUMENTARIA
|
| 653 |
|
|
|a DISEÑO DE INDUMENTARIA
|
| 653 |
|
|
|a INDUMENTARIA FEMENINA
|
| 653 |
|
|
|a COLECCIONES
|
| 653 |
|
|
|a MODA
|
| 773 |
0 |
|
|t INTERNATIONAL TEXTILES
|g no. 754 [jun.1994], p. 76-79
|
| 942 |
|
|
|c ARTI
|
| 952 |
|
|
|0 0
|1 0
|4 0
|7 0
|9 50565
|a AR-BAuAD
|b AR-BAuAD
|d 2025-07-11
|l 0
|p AAQA005645
|r 2025-07-11 11:07:23
|w 2025-07-11
|y ARTI
|
| 990 |
|
|
|a DT199
|b TD
|
| 998 |
|
|
|a AAQ
|b BIBUN76
|
| 999 |
|
|
|c 30238
|d 30238
|